MARC

LEADER 00000nam0a2200000 4500
001 375584
005 20231102012740.0
035 |a (RuTPU)RU\TPU\retro\33023 
035 |a RU\TPU\book\307181 
090 |a 375584 
100 |a 20221220d1963 k y0rusy50 ca 
101 1 |a rus  |c ger 
102 |a RU 
105 |a a z 001zy 
200 1 |a Новое о проблеме гранитов  |e пер. с нем.  |f К. Менерт 
210 |a Москва  |c Изд-во иностранной литературы  |d 1963 
215 |a 154 с.  |c ил. 
320 |a Библиогр.: с. 135-150. 
606 1 |a Граниты  |x Петрография  |2 stltpush  |3 (RuTPU)RU\TPU\subj\74061  |9 86639 
610 1 |a происхождение 
610 1 |a гранитоидные породы 
610 1 |a температура 
610 1 |a миграция 
610 1 |a метасоматизм 
610 1 |a химический состав 
675 |a 552.321  |v 3 
700 1 |a Менерт  |b К. 
801 1 |a RU  |b 63413507  |c 20150204 
801 2 |a RU  |b 63413507  |c 20221220  |g RCR 
942 |c BK